[Event "Challenge"]
[Site "http://www.queenalice.com/game.php?id=1280273"]
[Date "2014.5.9"]
[Round "-"]
[White "Zugswang"]
[Black "gasparotto"]
[Result "1-0"]
[WhiteElo "2242"]
[BlackElo "1993"]

1. e4 e6 2. d4 d5 3. Nd2 dxe4 4. Nxe4 Nf6 5. Bg5 Be7 6. Nxf6+ Bxf6 7. Be3 O-O 8.
Nf3 c5 9. c3 cxd4 10. Bxd4 Nc6 11. Be2 Nxd4 12. Nxd4 Bd7 13. O-O Qb6 14. Qd2
Bxd4 15. cxd4 Bc6 16. Rfd1 Rfd8 17. b3 Rac8 18. Qf4 Rd7 19. Rd2 Bd5 20. Rad1
Rdc7 21. Bd3 g6 22. h4 Rc1 23. Rxc1 Rxc1+ 24. Kh2 Qc6 25. f3 a6 26. h5 b5 27. h6
Qc7 28. Qxc7 Rxc7 29. Be4 Bxe4 30. fxe4 f6 31. g4 Kf7 32. Kg3 g5 33. d5 exd5 34.
exd5 Rd7 35. Kf3 Kg6 36. Ke4 Re7+ 37. Kd4 Kf7 38. d6 Rd7 39. Kd5 f5 40. gxf5 g4
41. Kc6 Ke8 42. Rg2 1-0

[Event "AUTO-MASTER-1970"]
[Site "http://www.queenalice.com/game.php?id=1280847"]
[Date "2014.5.11"]
[Round "2"]
[White "gasparotto"]
[Black "mthal"]
[Result "0-1"]
[WhiteElo "2017"]
[BlackElo "2164"]

1. e4 c5 2. Nf3 Nc6 3. d4 cxd4 4. Nxd4 Nf6 5. Nc3 e5 6. Nf3 Bb4 7. Bc4 Nxe4 8.
Bxf7+ Kxf7 9. Qd5+ Kf8 10. Qxe4 d5 11. Qe2 d4 12. a3 Qa5 13. Rb1 dxc3 14. axb4
Qa2 15. O-O Qxb1 16. Be3 Qa2 17. Bc5+ Kg8 18. b3 Be6 19. b5 Nd8 20. Rd1 Bxb3 21.
Qxe5 Nf7 22. Qe7 Qxc2 23. Re1 h6 24. Nd4 Qa2 25. Qxb7 Bd5 26. Qd7 Qd2 27. Ra1
Rd8 28. Qg4 c2 29. Ba3 Ne5 30. Nf3 Qd1+ 0-1

[Event "AUTO-MASTER-1970"]
[Site "http://www.queenalice.com/game.php?id=1280848"]
[Date "2014.5.11"]
[Round "2"]
[White "mthal"]
[Black "gasparotto"]
[Result "1-0"]
[WhiteElo "2157"]
[BlackElo "2003"]

1. d4 d5 2. c4 Nf6 3. cxd5 Qxd5 4. Nc3 Qd8 5. e4 e6 6. Nf3 Be7 7. Bd3 c5 8. Bc2
cxd4 9. Nxd4 Bd7 10. O-O h6 11. e5 Nd5 12. Qg4 g5 13. Nxd5 exd5 14. e6 fxe6 15.
Bg6+ Kf8 16. Nxe6+ Bxe6 17. Qxe6 1-0

[Event "AUTO-MASTER-1970"]
[Site "http://www.queenalice.com/game.php?id=1280849"]
[Date "2014.5.11"]
[Round "2"]
[White "gasparotto"]
[Black "danthebugman"]
[Result "0-1"]
[WhiteElo "2044"]
[BlackElo "1958"]

1. e4 Nf6 2. e5 Nd5 3. Nf3 d6 4. Bc4 Nb6 5. Bb3 Nc6 6. e6 Bxe6 7. Bxe6 fxe6 8.
Ng5 Qd7 9. O-O e5 10. d3 e6 11. Be3 Be7 12. Qh5+ g6 13. Qg4 Bxg5 14. Bxg5 O-O
15. Nc3 Nd4 16. Ne4 Nxc2 17. Rac1 Nb4 18. Nf6+ Rxf6 19. Bxf6 Nxd3 20. Rc2 Nd5
21. Bg5 Rf8 22. a3 Rf5 23. g3 Nc5 24. b4 Nb3 25. Be3 Qa4 26. Qc4 a6 27. Rb2 Na5
28. Qh4 Qxa3 29. Bc1 Nc6 30. b5 axb5 31. Rxb5 Qa6 32. Rb3 Nd4 33. Qd8+ Rf8 34.
Qd7 Qc6 35. Qxc6 bxc6 36. Rb7 c5 37. Bh6 Ra8 38. Rfb1 Kf7 39. f4 e4 40. Rb8 Ra2
41. Rf8+ Ke7 42. Rbb8 Nf3+ 43. Kf1 Ne3# 0-1

[Event "AUTO-MASTER-1970"]
[Site "http://www.queenalice.com/game.php?id=1280850"]
[Date "2014.5.11"]
[Round "2"]
[White "danthebugman"]
[Black "gasparotto"]
[Result "1-0"]
[WhiteElo "2132"]
[BlackElo "2007"]

1. e4 c5 2. Nf3 Nc6 3. d4 cxd4 4. Nxd4 d6 5. Nc3 Bd7 6. Be3 Nf6 7. f3 g6 8. Qd2
Bg7 9. O-O-O a6 10. g4 b5 11. h4 Ne5 12. h5 b4 13. Nb1 Qa5 14. h6 Bf8 15. g5 Nh5
16. Rg1 Qxa2 17. Qxb4 Qa4 18. Qxa4 Bxa4 19. f4 Nc6 20. Nc3 Nxd4 21. Bxd4 e5 22.
fxe5 Bd7 23. e6 Rg8 24. exd7+ Kxd7 25. Bh3+ Kc6 26. Rdf1 f6 27. Be6 Rh8 28. Bd5+
1-0

[Event "AUTO-MASTER-1970"]
[Site "http://www.queenalice.com/game.php?id=1280851"]
[Date "2014.5.11"]
[Round "2"]
[White "gasparotto"]
[Black "Donidon"]
[Result "1-0"]
[WhiteElo "1987"]
[BlackElo "2398"]

1. e4 c5 2. Nf3 Nc6 3. d4 cxd4 4. c3 dxc3 5. Bc4 Nf6 6. Nxc3 d6 7. O-O e6 8. e5
Nxe5 9. Nxe5 dxe5 10. Qxd8+ Kxd8 11. Bg5 Be7 12. Rfd1+ Nd7 13. Be3 a6 14. Rd2
Bb4 15. Rad1 Ke7 16. a3 Bxc3 17. bxc3 b5 18. Be2 Nf6 19. Bc5+ 1-0

[Event "AUTO-MASTER-1970"]
[Site "http://www.queenalice.com/game.php?id=1280852"]
[Date "2014.5.11"]
[Round "2"]
[White "Donidon"]
[Black "gasparotto"]
[Result "1-0"]
[WhiteElo "2340"]
[BlackElo "2007"]

1. e4 c5 2. Nf3 Nc6 3. d4 cxd4 4. Nxd4 d6 5. c4 Bd7 6. Nc3 g6 7. Be3 Bg7 8. Be2
Nf6 9. f3 O-O 10. O-O Nxd4 11. Bxd4 a6 12. Qd2 Rc8 13. Be3 Be6 14. Nd5 Nxd5 15.
cxd5 Bd7 16. Rfc1 Rxc1+ 17. Rxc1 Qb8 18. Bb6 Rc8 19. Bc4 Bb5 20. Bxb5 axb5 21.
b3 h5 22. g3 Qa8 23. Rxc8+ Qxc8 24. Be3 Qc3 25. Kg2 b4 26. Kf2 b5 27. h4 Qc8 28.
Kg2 Bc3 29. Qc2 Qa6 30. Bf2 Qa3 31. Bb6 Qb2 32. Qxb2 Bxb2 33. Kf2 Kf8 34. g4 e6
35. dxe6 fxe6 36. Ba5 Ba3 37. Bc7 Ke7 38. e5 dxe5 39. Bxe5 Kd7 40. Ke3 Kc6 41.
Kd2 Kd5 42. Bg7 e5 43. gxh5 gxh5 44. Kd3 Bc1 45. Bf8 Ba3 46. Be7 Ke6 47. Bc5 Kf5
48. Be3 Bb2 49. Bd2 Bc3 50. Bxc3 bxc3 51. Kxc3 Kf4 52. a4 bxa4 53. bxa4 Kxf3 54.
a5 e4 55. a6 e3 56. a7 e2 57. a8=Q+ Kf2 58. Qf8+ Ke1 59. Qf5 Kd1 60. Qb1# 1-0

[Event "AUTO-OPEN-3157"]
[Site "http://www.queenalice.com/game.php?id=1285801"]
[Date "2014.6.3"]
[Round "2"]
[White "gasparotto"]
[Black "ACamargo"]
[Result "1-0"]
[WhiteElo "2025"]
[BlackElo "1500"]

1. e4 e5 2. Nf3 d6 3. d4 h6 4. dxe5 Bg4 5. Be2 Be7 6. exd6 Qxd6 7. O-O Qxd1 8.
Rxd1 Nf6 9. Nc3 O-O 10. h3 Be6 11. e5 Nh7 12. Be3 a6 13. Ne4 Nc6 14. Rd2 Bf5 15.
Ng3 Be6 16. Rad1 Rad8 17. a3 b5 18. Bd3 f6 19. Nd4 Nxd4 20. Bxd4 c5 21. Bc3 c4
22. Bxh7+ Kxh7 23. Ne4 Rxd2 24. Rxd2 f5 25. Nd6 g5 26. Nb7 g4 27. hxg4 fxg4 28.
Na5 h5 29. Nc6 Bc5 30. Bd4 Bxd4 31. Rxd4 h4 32. Rd6 Bf5 33. Nd4 Bc8 34. e6 Kg7
35. e7 Re8 36. Rd8 Kf7 37. Nc6 Bb7 38. Ne5+ Kxe7 39. Rxe8+ Kxe8 40. Nxg4 Ke7 41.
Kh2 Ke6 42. Ne3 Kf6 43. Kh3 Kg5 44. a4 Bc8+ 45. Kh2 Kf4 46. axb5 axb5 47. Nd5+
Ke4 48. Nc3+ Ke5 49. Nxb5 Bf5 50. c3 Bc8 51. Kg1 Be6 52. f3 Kf4 53. Kf2 Bg8 54.
Nd4 Ke5 55. Ke3 1-0

[Event "AUTO-OPEN-3157"]
[Site "http://www.queenalice.com/game.php?id=1285802"]
[Date "2014.6.3"]
[Round "2"]
[White "ACamargo"]
[Black "gasparotto"]
[Result "0-1"]
[WhiteElo "1498"]
[BlackElo "2027"]

1. d4 d5 2. c4 c6 3. a4 Nf6 4. e3 e6 5. Nc3 Bb4 6. Nf3 O-O 7. Qc2 dxc4 8. Bxc4
Nbd7 9. O-O b6 10. Bd2 Bb7 11. Bd3 h6 12. Rfe1 c5 13. Be2 Rc8 14. Qb3 Qe7 15.
Rac1 Rfd8 16. Red1 Nd5 17. Nxd5 Bxd5 18. Bc4 Bxd2 19. Nxd2 Ba8 20. Ba6 Rc7 21.
Bc4 cxd4 22. exd4 Nf6 23. Be2 Rdc8 24. Rxc7 Qxc7 25. h3 Nd5 26. Bf3 Qc2 27. Kf1
Qxb3 28. Nxb3 Rc2 29. Rb1 Bc6 30. a5 Ba4 31. axb6 axb6 32. Bxd5 exd5 33. Nc1 Rd2
34. b3 Bb5+ 35. Ke1 Rxd4 36. g3 f5 37. Rb2 g5 38. Rc2 Kf7 39. f3 g4 40. hxg4
fxg4 41. f4 h5 42. Kf2 Ke6 43. Ne2 Bxe2 44. Rxe2+ Re4 45. Rd2 d4 46. Rd3 Kf5 47.
b4 h4 48. gxh4 Kxf4 49. h5 Kg5 50. b5 Kxh5 51. Kg2 Kg5 52. Ra3 Kf4 53. Ra6 Re6
54. Ra4 Ke3 55. Kg3 d3 0-1

[Event "AUTO-OPEN-3157"]
[Site "http://www.queenalice.com/game.php?id=1285803"]
[Date "2014.6.3"]
[Round "2"]
[White "gasparotto"]
[Black "maxchessbr"]
[Result "1-0"]
[WhiteElo "1997"]
[BlackElo "2137"]

1. e4 c5 2. Nf3 e6 3. d4 cxd4 4. Nxd4 a6 5. Nc3 Bc5 6. Be2 d6 7. O-O Nf6 8. Bg5
O-O 9. Nb3 Bb6 10. Bf3 Qe7 11. Qe2 Nbd7 12. Rad1 Rd8 13. Rd2 Ne5 14. Rfd1 Bc7
15. g3 Nxf3+ 16. Qxf3 Bd7 17. e5 dxe5 18. Ne4 Bc6 19. Nbc5 Qxc5 20. Nxf6+ gxf6
21. Qxf6 Rxd2 22. Rxd2 Qf8 23. Bh6 Bd8 24. Rxd8 Rxd8 25. Kf1 Qxh6 26. Qxh6 e4
27. Qg5+ 1-0

[Event "AUTO-OPEN-3157"]
[Site "http://www.queenalice.com/game.php?id=1285804"]
[Date "2014.6.3"]
[Round "2"]
[White "maxchessbr"]
[Black "gasparotto"]
[Result "1-0"]
[WhiteElo "2115"]
[BlackElo "2009"]

1. e4 c5 2. Nf3 Nc6 3. d4 cxd4 4. Nxd4 d6 5. Bc4 e6 6. O-O Nf6 7. Nc3 Be7 8. Be3
O-O 9. Re1 Bd7 10. a3 a6 11. Ba2 Rc8 12. f4 g6 13. f5 exf5 14. exf5 Nxd4 15.
Qxd4 Bxf5 16. Bh6 Re8 17. Nd5 Nh5 18. Rxe7 Rxe7 19. Bg5 Re1+ 20. Rxe1 Qxg5 21.
Ne7+ Qxe7 22. Rxe7 Be6 23. Bxe6 fxe6 24. g4 Kf8 25. Rxb7 1-0

[Event "Challenge"]
[Site "http://www.queenalice.com/game.php?id=1287004"]
[Date "2014.6.9"]
[Round "-"]
[White "Zugswang"]
[Black "gasparotto"]
[Result "1-0"]
[WhiteElo "2199"]
[BlackElo "2004"]

1. e4 c5 2. Nc3 Nc6 3. g3 g6 4. Bg2 Bg7 5. Nge2 Nf6 6. O-O O-O 7. f4 e6 8. h3 d5
9. e5 Nd7 10. d4 cxd4 11. Nxd4 Nxd4 12. Qxd4 b6 13. Be3 Ba6 14. Rfe1 Rc8 15. Qa4
Nb8 16. Rad1 Re8 17. Bd4 Rc4 18. b4 Qc8 19. Bf1 Rxc3 20. Bxc3 Qxc3 21. Qxe8+ Bf8
22. Bg2 Nc6 23. a3 Nd4 24. Kh2 Nxc2 25. Rc1 Qd2 26. Red1 Qe2 27. Rg1 Nd4 28. Kh1
Nf5 29. Rc7 Nh6 30. Rgc1 Bb5 31. Qd8 Ba6 32. Rc8 1-0

[Event "Challenge"]
[Site "http://www.queenalice.com/game.php?id=1290509"]
[Date "2014.6.26"]
[Round "-"]
[White "Zugswang"]
[Black "gasparotto"]
[Result "0-1"]
[WhiteElo "2093"]
[BlackElo "2000"]

1. e4 c5 2. Nc3 Nc6 3. g3 d6 4. Bg2 g6 5. Nge2 Bg7 6. O-O Nf6 7. h3 O-O 8. f4
Bd7 9. g4 Nd4 10. Ng3 b5 11. e5 Ne8 12. Bxa8 Qxa8 13. exd6 Nxd6 14. d3 f5 15. a3
b4 16. axb4 cxb4 17. Na4 fxg4 18. hxg4 Qc8 19. c3 Bxg4 20. Qd2 Nf3+ 21. Rxf3
Bxf3 22. cxb4 Qg4 23. Qh2 Nf5 24. Kf2 Bd4+ 25. Ke1 Nxg3 0-1

[Event "AUTO-MASTER-1998"]
[Site "http://www.queenalice.com/game.php?id=1290617"]
[Date "2014.6.26"]
[Round "2"]
[White "jrafaelcc"]
[Black "gasparotto"]
[Result "1-0"]
[WhiteElo "2275"]
[BlackElo "2020"]

1. e4 c5 2. Nf3 Nc6 3. Bb5 d6 4. O-O g6 5. c3 Bd7 6. Re1 Bg7 7. h3 Nf6 8. d4
cxd4 9. cxd4 O-O 10. Nc3 Rc8 11. a3 a6 12. Bd3 b5 13. e5 dxe5 14. dxe5 Ne8 15.
Bf4 e6 16. Ne4 Qc7 17. Rc1 Qb8 18. Nc5 Qa7 19. Be4 Nb8 20. Be3 Bc6 21. Nxe6 Qe7
22. Nxf8 Bxe4 23. Rxc8 1-0

[Event "AUTO-MASTER-1998"]
[Site "http://www.queenalice.com/game.php?id=1290618"]
[Date "2014.6.26"]
[Round "2"]
[White "gasparotto"]
[Black "jrafaelcc"]
[Result "0-1"]
[WhiteElo "2014"]
[BlackElo "2279"]

1. e4 c5 2. Nf3 e6 3. d4 cxd4 4. Nxd4 Nc6 5. Nc3 Qc7 6. Ndb5 Qb8 7. Be2 a6 8.
Nd4 Nf6 9. Be3 b5 10. Bf3 Ne5 11. Be2 b4 12. Na4 Nxe4 13. O-O d5 14. f4 Bd7 15.
c3 Nc6 16. Nxc6 Bxc6 17. f5 Bd6 18. g3 O-O 19. Bd3 Bxg3 20. Rf3 Bxh2+ 21. Kg2
exf5 22. Bxe4 dxe4 23. Rh3 Bf4 24. Qh5 h6 25. Nc5 Bxe3 26. Rxe3 bxc3 27. b3 Qe5
28. Rg1 Qxc5 29. Rg3 Kh8 30. Kh3 Rg8 31. Rxg7 Rxg7 32. Rxg7 Kxg7 0-1

[Event "AUTO-MASTER-1998"]
[Site "http://www.queenalice.com/game.php?id=1290621"]
[Date "2014.6.26"]
[Round "2"]
[White "crono"]
[Black "gasparotto"]
[Result "0-1"]
[WhiteElo "2253"]
[BlackElo "2019"]

1. d4 d5 2. c4 e6 3. Nc3 Nf6 4. Bg5 Be7 5. e3 O-O 6. Nf3 h6 7. Bh4 c6 8. Bd3
Nbd7 9. O-O a6 10. Rc1 dxc4 11. Bxc4 b5 12. Bd3 Bb7 13. Qe2 c5 14. dxc5 Nxc5 15.
Bb1 Rc8 16. Rfd1 Qb6 17. Nd4 b4 0-1

[Event "AUTO-MASTER-1998"]
[Site "http://www.queenalice.com/game.php?id=1290622"]
[Date "2014.6.26"]
[Round "2"]
[White "gasparotto"]
[Black "crono"]
[Result "1-0"]
[WhiteElo "2044"]
[BlackElo "2176"]

1. e4 e5 2. Nf3 Nc6 3. d4 exd4 4. c3 d3 5. Bxd3 Bc5 6. Qe2 d6 7. O-O Nge7 8. Bg5
Be6 9. Nbd2 Qd7 10. b4 Bb6 11. a4 a5 12. b5 Ne5 13. Nxe5 dxe5 14. Nf3 f6 15. Be3
Bxe3 16. Qxe3 O-O 17. Rfd1 Qc8 18. c4 1-0

[Event "AUTO-MASTER-1998"]
[Site "http://www.queenalice.com/game.php?id=1290623"]
[Date "2014.6.26"]
[Round "2"]
[White "emilio2100"]
[Black "gasparotto"]
[Result "1-0"]
[WhiteElo "2209"]
[BlackElo "2054"]

1. e4 c5 2. Nf3 Nc6 3. Nc3 d6 4. Bb5 Bd7 5. O-O a6 6. Bxc6 Bxc6 7. d4 cxd4 8.
Nxd4 Nf6 9. Nxc6 bxc6 10. Qd3 g6 11. Qc4 Qb6 12. Be3 Qb7 13. Bd4 Bg7 14. e5 d5
15. Qa4 Ng4 16. h3 Nh6 17. Nxd5 Rd8 18. c4 O-O 19. Qxc6 Qd7 20. Bc5 Rfe8 21. Qb6
e6 22. Nc7 Rb8 23. Qd6 Red8 24. Rad1 Qxd6 25. exd6 Rxb2 26. Nxa6 Rxa2 27. Nb4
Raa8 28. d7 1-0

[Event "AUTO-MASTER-1998"]
[Site "http://www.queenalice.com/game.php?id=1290624"]
[Date "2014.6.26"]
[Round "2"]
[White "gasparotto"]
[Black "emilio2100"]
[Result "0-1"]
[WhiteElo "2065"]
[BlackElo "2201"]

1. e4 e5 2. Nf3 Nc6 3. d4 exd4 4. Nxd4 Bc5 5. Be3 Qf6 6. c3 Nge7 7. Bc4 Ne5 8.
Bb3 d6 9. Nb5 Bxe3 10. Nxc7+ Kd8 11. O-O Kxc7 12. fxe3 Qh4 13. Na3 Bd7 14. Qd4
Qg5 15. Rad1 Qh6 16. Nc2 f5 17. c4 N7c6 18. Qd2 fxe4 19. Nd4 Nxd4 20. Qxd4 Ng4
21. Rfe1 Qxh2+ 22. Kf1 Qh1+ 23. Ke2 Qxg2# 0-1

[Event "AUTO-OPEN-3157"]
[Site "http://www.queenalice.com/game.php?id=1308934"]
[Date "2014.9.18"]
[Round "3"]
[White "gasparotto"]
[Black "maxchessbr"]
[Result "0-1"]
[WhiteElo "2034"]
[BlackElo "2154"]

1. e4 e6 2. d4 d5 3. Nc3 dxe4 4. Nxe4 Nf6 5. Bg5 Be7 6. f3 O-O 7. Nxf6+ Bxf6 8.
Bxf6 Qxf6 9. Bc4 c5 10. Ne2 cxd4 11. Qxd4 e5 12. Qc3 Rd8 13. O-O Nc6 14. f4 Be6
15. fxe5 Qxe5 16. Bxe6 Qxe6 17. Nf4 Qe4 18. Nd3 Nd4 19. Kh1 Rac8 20. Rae1 Qh4
21. Qa5 Nxc2 22. Re2 Rxd3 23. Qf5 Qd8 24. Rxc2 Rd7 25. Rcf2 h6 26. Qh5 Rcc7 27.
h3 Qg5 28. Qe2 Re7 29. Qd3 Re3 30. Qd6 Qe7 31. Qd4 f6 32. Qxa7 Rc4 33. Qb8+ Kh7
34. Rf4 Rc2 35. R4f2 Re1 36. Rxc2 Rxf1+ 37. Kh2 Qe1 0-1

[Event "AUTO-OPEN-3157"]
[Site "http://www.queenalice.com/game.php?id=1308935"]
[Date "2014.9.18"]
[Round "3"]
[White "maxchessbr"]
[Black "gasparotto"]
[Result "1-0"]
[WhiteElo "2162"]
[BlackElo "2023"]

1. e4 e5 2. Nf3 d6 3. d4 Nd7 4. Nc3 Ngf6 5. Bc4 Be7 6. O-O O-O 7. Re1 Nb6 8. Be2
Bg4 9. dxe5 dxe5 10. Nxe5 Qxd1 11. Bxd1 Bxd1 12. Rxd1 Rad8 13. Be3 Nc8 14. Rxd8
Rxd8 15. f3 a6 16. Rd1 Rxd1+ 17. Nxd1 Nd6 18. Nc3 b5 19. a3 Nb7 20. Nc6 Bf8 21.
Nb8 Nc5 22. b4 Nfd7 23. Nc6 Ne6 24. Nd5 g6 25. f4 Bh6 26. Kf2 Nb6 27. Nxb6 cxb6
28. g3 a5 29. Bxb6 axb4 30. axb4 Bg7 31. e5 g5 32. f5 Nf8 33. Ne7+ Kh8 34. f6
Bh6 35. Nf5 Nd7 36. Nxh6 Nxb6 37. Nxf7+ Kg8 38. Nxg5 h6 39. Ne6 Nc4 40. Nc7 Nxe5
41. Nxb5 Ng4+ 42. Kf3 Nxf6 43. c4 Kf7 44. g4 Ke6 45. Kf4 Nd7 46. Nd4+ Kd6 47.
Nf3 Ke6 48. h4 Nb6 49. Nd2 Kf6 50. g5+ hxg5+ 51. hxg5+ Kg6 52. b5 Nd7 53. Ne4
Nb6 54. c5 Nd7 55. b6 Nb8 56. Ke5 Kf7 57. Kd6 1-0

[Event "AUTO-OPEN-3157"]
[Site "http://www.queenalice.com/game.php?id=1308936"]
[Date "2014.9.18"]
[Round "3"]
[White "gasparotto"]
[Black "Herivelto"]
[Result "1-0"]
[WhiteElo "2015"]
[BlackElo "2080"]

1. e4 c5 2. Nf3 d6 3. d4 cxd4 4. Nxd4 Nf6 5. Nc3 a6 6. Be2 Nc6 7. O-O e6 8. Be3
Be7 9. a3 O-O 10. b4 Nxd4 11. Bxd4 e5 12. Be3 Be6 13. f4 Rc8 14. Na4 Nxe4 15. f5
Bc4 16. Bxc4 Rxc4 17. Qd3 d5 18. Nb6 Rc3 19. Qe2 d4 20. Bc1 Qxb6 21. Qxe4 f6 22.
Bd2 Rc4 23. Qd5+ 1-0

[Event "AUTO-OPEN-3157"]
[Site "http://www.queenalice.com/game.php?id=1308937"]
[Date "2014.9.18"]
[Round "3"]
[White "Herivelto"]
[Black "gasparotto"]
[Result "1-0"]
[WhiteElo "2074"]
[BlackElo "2029"]

1. Nf3 d5 2. d4 c6 3. c4 Nf6 4. Nc3 Nbd7 5. Bf4 e6 6. c5 Be7 7. g3 O-O 8. Bg2 b5
9. b4 Bb7 10. O-O a5 11. Rb1 axb4 12. Rxb4 Qa5 13. Qb1 Ra7 14. a4 bxa4 15. Rxa4
Qxc3 16. Rxa7 Bc8 17. e3 Ne4 18. Rc1 Nd2 19. Nxd2 Qxd2 20. Ra2 1-0